|
|
|
|
| LEADER |
00000cam a2200000 7i4500 |
| 001 |
0000011530 |
| 005 |
20230516.0 |
| 008 |
030820 mau eng |
| 020 |
|
|
|a 0735712433 (pbk)
|
| 040 |
|
|
|a INS
|
| 090 |
0 |
0 |
|a T385
|b .G5213 2002
|
| 100 |
1 |
|
|a Giambruno, Mark
|
| 245 |
1 |
0 |
|a 3D Graphics & Animation
|c Mark Giambruno
|
| 250 |
|
|
|a Second Edition
|
| 260 |
|
|
|a Boston :
|b New Riders ,
|c c2002
|
| 300 |
|
|
|a xxxii, 588 p. :
|b ill. (some col.) ;
|c 23 cm. +.
|e 1 CD-ROM (4 3/4 in.)
|
| 500 |
|
|
|a Includes index
|
| 650 |
|
0 |
|a Computer animation
|
| 650 |
|
0 |
|a Computer Graphics
|
| 650 |
|
0 |
|a Three dimentional display systems
|
| 999 |
|
|
|a 0000011414
|b BOOK
|c Open Shelf
|e Default branch
|